00693nam a2200241 a 4500001001300000003000900013005001700022008004100039020000800080082001800088100002100106245005200127260002600179300000900205500003500214505001500249650002200264700002100286902000800307942000700315952011400322999001500436nice12345678IN_TiNIC20260116011508.0050524s1963 lona grp 000 0 eng  ac000a954.0317bCOL aCollier, Richard aSound of Furyb an Account of the Indian Mutiny aLondonbCollinsc1963 a384p aincludes index and biblioraphy2 aIll, Index aMutiny-India-18571 aCollier, Richard bSRS cBK 001040708StackRoom-aHMIbHMId2005-05-24g0.00l0o954.0317 COLp03339r2005-05-24v0.00w2005-05-24yBK c2035d2035